[Event "FRA-chT U20 0203"]
[Site "Clichy"]
[Date "2002.12.01"]
[Round "2.6"]
[White "Viville, Simon"]
[Black "Suire, Benjamin"]
[Result "0-1"]
[WhiteElo "1500"]
[BlackElo "1550"]
[PlyCount "134"]
[EventDate "2002.12.??"]
[EventType "team"]
[EventRounds "11"]
[EventCountry "FRA"]
[SourceTitle "EXT 2004"]
[Source "ChessBase"]
[SourceDate "2003.11.25"]
[SourceVersion "1"]
[SourceVersionDate "2003.11.25"]
[SourceQuality "1"]
[WhiteTeam "Bischwiller"]
[BlackTeam "Mulhouse"]
[WhiteTeamCountry "FRA"]
[BlackTeamCountry "FRA"]

1. e4 e6 2. d4 d5 3. e5 c5 4. c3 Nc6 5. Nf3 Qb6 6. Be2 Nh6 7. 0-0 Nf5 8. Na3 cxd4 9. Nb5 dxc3 10. Nxc3 g6 11. b3 Bg7 12. Na4 Qc7 13. Bb2 0-0 14. Rc1 Qb8 15. Re1 Nxe5 16. Nxe5 Bxe5 17. Bxe5 Qxe5 18. Nc5 Qd6 19. Bf1 a6 20. Qg4 b6 21. Nd3 Ng7 22. Ne5 Bb7 23. Nf3 Qa3 24. Rc7 Rab8 25. Rc2 Rbc8 26. Ree2 a5 27. Red2 Rc5 28. Qh4 Nf5 29. Qh3 Rfc8 30. Rxc5 Rxc5 31. Ng5 h6 32. Nf3 Rc3 33. Qg4 Qd6 34. h3 Rc1 35. Nd4 Ba6 36. Rd1 Rxd1 37. Qxd1 Nxd4 38. Bxa6 Nf5 39. Be2 Qa3 40. Qd2 Qd6 41. Bf3 Kg7 42. Qc3+ f6 43. Qd3 h5 44. Qa6 Qc7 45. Be2 Kh6 46. Qd3 Qc1+ 47. Kh2 Qf4+ 48. Kg1 Nh4 49. g3 Qc1+ 50. Kh2 Nf5 51. h4 Qc7 52. Bf3 Nxh4 53. Kg1 Qc1+ 54. Kh2 Qc7 55. Kg1 Nf5 56. g4 hxg4 57. Bxg4 Qc1+ 58. Kh2 Qf4+ 59. Kh3 Qxf2 60. a3 Kg5 61. a4 Qh4+ 62. Kg2 Qxg4+ 63. Kf2 Qf4+ 64. Kg2 Nh4+ 65. Kh3 Qf5+ 66. Qxf5+ Nxf5 67. Kg2 d4 0-1